Clasificación Histórica Liga Española - Estadísticas

Estadísticas generales
  • Esta prueba ha sido intentada 68 veces
  • La puntuación promedio es 17 de 20
Estadísticas de respuestas
Puntos Respuesta % Correcto
4053 Atlético de Madrid
100%
4937 Barcelona
100%
5043 Real Madrid
100%
3284 Sevilla
98%
2339 Betis
95%
3805 Athletic de Bilbao
93%
3381 Valencia
93%
3029 Real Sociedad
90%
1843 Deportivo de la Coruña
89%
2109 Zaragoza
87%
3040 Espanyol
79%
2154 Celta
79%
1331 Málaga
77%
1358 Mallorca
75%
1641 Osasuna
72%
1439 Villarreal
70%
1416 Racing
67%
1389 Sporting
67%
1174 Oviedo
66%
1641 Valladolid
62%
No se encontraron pruebas coincidentes
Distribución de puntuación
Porcentaje de gente con cada puntuación
Porcentaje por número respondido
Historial de tus puntuaciones
No has intentado esta prueba.